000 02137cam a22002054a 4500
005 20250605164203.0
008 250528s ||||||||||||||||||||||||d
035 _a19826
020 _a9603512060
040 _aGR-AtMCL
_bgre
_dGR-AtMCL
_eAACR2
245 1 _aΙαπωνική Διοικητική και Μάρκετινγκ / Οικονομική Ανάπτυξη και Αγορά Τόμος Α'
250 _a
260 _bΣταμούλης,
_c1999
300 _a480
520 _aΠρόλογος, Η Οικονομική Ανάπτυξη στην Ιαπωνία, Η Εξέλιξη της Ιαπωνικής Προπολεμικής Ανάπτυξης: Μια Λανθασμένη Στρατηγική Πορεία, Η Ιαπωνία μετά τον Πόλεμο - Η Αμερικανοποίηση της Κοινωνίας (1945-1973), Η Διεθνοποίηση και ο Κορεσμός της Ιαπωνικής Οικονομίας (1974-1998), Το Πολιτισμικό Πλαίσιο και η Διοικητική Συμπεριφορά και οι Σύγχρονες Επιχειρησιακές Ομάδες, Η Πρώτη Γνωριμία με την Ιαπωνία: Το Μέλλον και οι Προοπτικές, Η Αγορά της Ιαπωνίας Ανοίγεται στον Κόσμο, Μια Πρώτη Επαφή με την Αγορά της Ιαπωνίας, Πως η Αγορά της Ιαπωνίας Ανοίγεται στον Κόσμο, Τάσεις και Ευκαιρίες στην Αγορά της Ιαπωνίας, Ξένες Εταιρείες στην Ιαπωνία, Η Στρατηγική: Προσαρμογή - Ανάπτυξη - Προώθηση, Προσαρμογή στις Επιχειρησιακές Συνθήκες της Ιαπωνίας, Ανάπτυξη Νέων Προϊόντων, Επιθετική Προώθηση των Προϊόντων, Πέρίληψη και Συμπεράσματα, Γενική Βιβλιογραφία.
700 1 _aΠανηγυράκης Γεώργιος Γ
_91742
942 _cBK
999 _c5073
_d5073